Timetable and Interactive Faculty Plan -- Database Design and Data Processing
Uložené v:
| Hlavný autor: | |
|---|---|
| Ďalší autori: | |
| Médium: | Rukopis Kniha |
| Jazyk: | Slovak English |
| Predmet: | |
| On-line prístup: | http://is.stuba.sk/zp/portal_zp.pl?podrobnosti=102259 |
| Tagy: |
Žiadne tagy, Buďte prvý, kto otaguje tento záznam!
|
MARC
| LEADER | 00000ntm a22000003a 4500 | ||
|---|---|---|---|
| 001 | stuzp46918 | ||
| 003 | SK-STU | ||
| 005 | 20150617230330.8 | ||
| 007 | ta | ||
| 008 | 150427s2015----xo-----f-mn---000-0-slo-d | ||
| 040 | |a STU |b slo | ||
| 041 | 0 | |a eng | |
| 100 | 1 | |a Ďurina, Pavol, |d 1986- |u 047000 |4 aut |U FCHPT Fakulta chemickej a potravinárskej technológie |T FCHPT Ústav informatizácie, automatizácie a matematiky |X 70165 |U C7000 |Y 105 |7 A0000070165 | |
| 242 | 0 | 1 | |a Rozvrh a interaktívny plán školy – databázové spracovanie dát |y slo |
| 245 | 1 | 0 | |a Timetable and Interactive Faculty Plan -- Database Design and Data Processing |
| 650 | 4 | |a RESTfull |2 slo | |
| 650 | 4 | |a API |2 slo | |
| 650 | 4 | |a databáza |2 slo | |
| 650 | 4 | |a orientačný plán |2 slo | |
| 650 | 4 | |a RESTfull |2 eng | |
| 650 | 4 | |a API |2 eng | |
| 650 | 4 | |a floor plan |2 eng | |
| 650 | 4 | |a database |2 eng | |
| 700 | 1 | |a Fikar, Miroslav, |d 1966- |4 ths |X 3374 |7 A000003374 | |
| 856 | 4 | |u http://is.stuba.sk/zp/portal_zp.pl?podrobnosti=102259 | |
| SQL | |a stuzp46918 |b DBP |c ENG |d Timetable and Interactive Faculty Plan -- Database Design and Data Processing |e 70165 |f Ďurina, Pavol |g 047000 |h 3374 |i Fikar, Miroslav |j 20140714 |k 104 |l 04 |m http://is.stuba.sk/zp/portal_zp.pl?podrobnosti=102259 | ||